Komentár k novele Zákonníka práce v súvislosti s pandémiou
Zákon č.66/2020 Z.z., ktorým sa dopľňa zákon č.311/2001 Z.z. Zákonník práce v z.n.p. a ktorým sa dopľňajú niektoré zákony prináša doplnenie Zákonníka práce o jedenástu časť, ktorá sa vkladá za desiatu časť. Článok komentuje nové ustanovenia jedenástej časti, ktoré platia v čase mimoriadnej situácie,...
Saved in:
| Main Author: | |
|---|---|
| Format: | Book Chapter |
| Language: | Slovak |
| Subjects: | |
| Tags: |
No Tags, Be the first to tag this record!
|
MARC
| LEADER | 00000naa a2200000 4500 | ||
|---|---|---|---|
| 001 | 0264793 | ||
| 005 | 20200622140304.9 | ||
| 041 | 0 | |a slo | |
| 044 | |a SK | ||
| 245 | 1 | 0 | |a Komentár k novele Zákonníka práce v súvislosti s pandémiou |c Jozef Toman |
| 520 | |a Zákon č.66/2020 Z.z., ktorým sa dopľňa zákon č.311/2001 Z.z. Zákonník práce v z.n.p. a ktorým sa dopľňajú niektoré zákony prináša doplnenie Zákonníka práce o jedenástu časť, ktorá sa vkladá za desiatu časť. Článok komentuje nové ustanovenia jedenástej časti, ktoré platia v čase mimoriadnej situácie, núdzového stavu alebo výnimočného stavu §250b. Nešlo sa cestou prechodného ustanovenia, ale vytvorenia osobitnej časti, ktorú bude možné aktivovať aj v budúcnosti. | ||
| 610 | 2 | 0 | |a zákonník práce |
| 610 | 2 | 0 | |a novelizácia |
| 610 | 2 | 0 | |a komentáre |
| 610 | 2 | 0 | |a choroby civilizačné |
| 610 | 2 | 0 | |a opatrenia |
| 100 | 1 | |a Toman, Jozef | |